Inventory of data on contaminants in aquatic organisms / (Registro nro. 1264)

Detalles MARC
000 -CABECERA
Campo de control 01184cam a2200265 a 4500
005 - FECHA Y HORA DE LA ULTIMA TRANSACCION
Campo de control 20151128034030.0
008 - ELEMENTOS DE LONGITUD FIJA—INFORMACION GENERAL
Campo de control 900216s1978 it s i001 0 eng
040 ## - FUENTE DE CATALOGACIÓN
Agencia catalogadora original DLC
Agencia transcriptora DLC
Agencia Modificadora DLC
-- Co-BOIAvH
041 ## - IDIOMA
Código de idioma para texto/pista de sonido o título separado Inglés
044 10 - PAÍS DE PUBLICACIÓN
País de publicación Italia
082 10 - NUMERO DE CLASIFICACION DECIMAL DEWEY
Número de clasificación 338.3727
Número del ítem F21i
245 00 - MENCION DE TITULO
Título Inventory of data on contaminants in aquatic organisms /
Mención de responsabilidad Compilado por Fishery Data Centre, Fisheries Department, FAO.
260 ## - PUBLICACION, DISTRIBUCION, ETC. (PIE DE IMPRENTA)
Lugar de publicación, distribución, etc. Roma :
Nombre del editor, distribuidor, etc. FAO,
Fecha de publicación, distribución, etc. c1978.
300 ## - DESCRIPCION FISICA
Extensión 1 v. (varias páginas) ;
Dimensiones 28 centímetros.
500 ## - NOTA GENERAL
Nota general "September 1978."
500 ## - NOTA GENERAL
Nota general A la cabeza de la titularidad: Organización para la Agricultura y la Alimentación de las Naciones Unidas y Programa de las Naciones Unidas para el medio.
500 ## - NOTA GENERAL
Nota general FAO fisheries circular No. 338, revisión 1
650 20 - ASIENTO SECUNDARIO DE MATERIA - TERMINO TEMATICO
Término temático o nombre geográfico como elemento de entrada Peces
Subdivisión general Efecto de la contaminación del agua
-- Estadísticas
9 (RLIN) 43582
650 #0 - ASIENTO SECUNDARIO DE MATERIA - TERMINO TEMATICO
Término temático o nombre geográfico como elemento de entrada El pescado como alimento
Subdivisión general Contaminación
-- Estadísticas
9 (RLIN) 43583
650 #0 - ASIENTO SECUNDARIO DE MATERIA - TERMINO TEMATICO
Término temático o nombre geográfico como elemento de entrada Contaminantes
Subdivisión general Estadísticas.
9 (RLIN) 43584
710 2# - ASIENTO SECUNDARIO - NOMBRE CORPORATIVO
Nombre corporativo o de jurisdicción como elemento de entrada Fishery Data Centre (United Nations)
9 (RLIN) 43585
710 2# - ASIENTO SECUNDARIO - NOMBRE CORPORATIVO
Nombre corporativo o de jurisdicción como elemento de entrada Food and Agriculture Organization of the United Nations.
9 (RLIN) 3045
710 2# - ASIENTO SECUNDARIO - NOMBRE CORPORATIVO
Nombre corporativo o de jurisdicción como elemento de entrada United Nations Environment Programme.
9 (RLIN) 8871
942 ## - ELEMENTOS ADICIONALES (KOHA)
Sistema de clasificación Dewey Decimal Classification
Tipo de ítem Libro
Existencias
Withdrawn status Lost status Sistema de Clasificación Damaged status No para préstamo Colección Inventariado Ubicación Permanente Ubicación actual Fecha de adquisición Fuente de Valor Valor Total Checkouts Número topográfico Inventario / Código de Barras Date last seen Ejemplar Price effective from Forma de adquisición Tipo de material
    Dewey Decimal Classification     General Inventariado 2017 Bogotá Bogotá 01/05/1999 Instituto 39000.00   LB-338.3727 F21i 001700 04/12/2012 Ej. 1 04/12/2012   Libro